सरल जंतु विज्ञान कोश / (Record no. 120681)

MARC details
000 -LEADER
fixed length control field 01174nam a22002657a 4500
005 - DATE AND TIME OF LATEST TRANSACTION
control field 20170124103201.0
010 ## - LIBRARY OF CONGRESS CONTROL NUMBER
LC control number A-969409
020 ## - INTERNATIONAL STANDARD BOOK NUMBER
Terms of availability 500.00
035 ## - SYSTEM CONTROL NUMBER
System control number A-969409
037 ## - SOURCE OF ACQUISITION
Source of stock number/acquisition Cen Lib/Ret
040 ## - CATALOGING SOURCE
Original cataloging agency DPL
Language of cataloging HN
082 ## - DEWEY DECIMAL CLASSIFICATION NUMBER
Classification number 591.03
Item number गांगुली
100 ## - MAIN ENTRY--PERSONAL NAME
Personal name गांगुली, गौरी
9 (RLIN) 91925
245 ## - TITLE STATEMENT
Title सरल जंतु विज्ञान कोश /
Statement of responsibility, etc गौरी गांगुली [एवं] धमो के. बताणी
246 ## - VARYING FORM OF TITLE
Title proper/short title Saral jantu vigyan kosh /
Remainder of title by Gauri ganguli [evam] dhamo K. Butani
260 ## - PUBLICATION, DISTRIBUTION, ETC. (IMPRINT)
Place of publication, distribution, etc नयी दिल्ली
Name of publisher, distributor, etc चिल्ड्रन बुक सदन
Date of publication, distribution, etc 1998
270 ## - ADDRESS
City नयी दिल्ली
Address 236/2, महरौली
Postal code 110030
300 ## - PHYSICAL DESCRIPTION
Extent 385पृ.:
Dimensions 22सेमी(सजिल्द )
Other physical details सचित्र
650 ## - SUBJECT ADDED ENTRY--TOPICAL TERM
Topical term or geographic name as entry element जंतु विज्ञान
General subdivision
Geographic subdivision
9 (RLIN) 59924
650 ## - SUBJECT ADDED ENTRY--TOPICAL TERM
Topical term or geographic name as entry element जंतु विज्ञान--कोश
9 (RLIN) 91926
650 ## - SUBJECT ADDED ENTRY--TOPICAL TERM
Topical term or geographic name as entry element Zoology
9 (RLIN) 91927
650 ## - SUBJECT ADDED ENTRY--TOPICAL TERM
Topical term or geographic name as entry element Zoology - Dictionaries
9 (RLIN) 91928
700 ## - ADDED ENTRY--PERSONAL NAME
Personal name बताणी, धमो के.
9 (RLIN) 61597
942 ## - ADDED ENTRY ELEMENTS (KOHA)
Source of classification or shelving scheme Dewey Decimal Classification
Koha item type Hindi Books
Classification part 591.03
Call number suffix गांगुली
Holdings
Withdrawn status Lost status Damaged status Not for loan Home library Current library Date acquired Source of acquisition Cost, normal purchase price Total Checkouts Full call number Barcode Date last seen Date checked out Copy number Cost, replacement price Price effective from Koha item type
        Central Library Central Library 28/09/2015 Cen Lib/Ref 500.00 2 591.03 गांगुली A-969409 18/10/2023 07/08/2023 1 500.00 28/09/2015 Hindi Books

© Delhi Public Library
Hit Counter
free hit counter